Ville de France en charades - Statistiques

Statistiques générales
  • Ce quiz a été pris 132 fois
  • Le résultat moyen est 10 sur 12
Statistiques - réponses
Charades Villes % Correct
Mon premier peut être de loup où de calais Mon second en Chine est beaucoup consommé Mon tout est la capitale Paris
98%
Mon premier est la lettre après le j Mon second peut être de vache de chèvre où maternel Mon tout est la ville qui mène vers l'Angleterre Calais
97%
Mon premier est la maison des oiseaux Mon second est un pronom personnel réfléchi Mon tout est une ville sur la côte d'azur Nice
96%
Mon premier peut être de passe-passe où de magieMon second est le lieu de punition des petits Mon tout est une ville du nord Tourcoing
95%
Mon premier est le verbe lire à la troisième personne du singulier au présent de l'indicatif Mon second est un article défini masculin Mon tout est le chef lieu du département du Nord Lille
91%
Mon premier est utilisé avec ne pour une double négation ( je ne mange ....pommes ......poires)Mon second est le cri de la vaches Mon tout est la capitale de la brandade Nimes
91%
Mon premier est synonyme de périmètre Mon second est chimiquement représenté par H2O Mon tout est une ville réputé pour ses vins Bordeaux
87%
Mon premier vient de paire avec paillettes pour signifier bling bling Mon second est synonyme de Hameau Mon tout est une ville alsacienne Strasbourg
87%
Mon premier est le mâle de la bicheMon second la lettre qui suis le i Mon tout une ville de banlieue parisienne Cergy
86%
Mon premier n'est ni blond ni brunMon second peut être de goji du miracle où de genièvre Mon tout est une ville du nord Roubaix
82%
Mon premier est un adjectif démonstratif tout comme cette cet et ces Mon second peut être de lait de requin où définitive Mon tout est une ville des Ardennes Sedan
72%
Mon premier signifie Hymne où chansonMon second est l'ancien nom du département de l'Indre Mon tout est le chef lieu savoyarde Chambéry
63%
Aucun quiz correspondant
Distribution des résultats
% des personnes avec chaque résultat
Percentile par nombre de réponses
Votre historique - résultats
Vous n’avez pas pris ce quiz